Countries with Laws against Holocaust Denial - Statistics

General Stats
  • This quiz has been taken 908 times
    647 since last reset
  • The average score is 17 of 22
Answer Stats
Country % Correct
Germany
98%
Poland
94%
France
92%
Russia
90%
Austria
87%
Italy
87%
Spain
85%
Belgium
84%
Netherlands
84%
Hungary
79%
Portugal
78%
Czech Republic
74%
Switzerland
74%
Romania
73%
Greece
72%
Slovakia
71%
Luxembourg
67%
Israel
64%
Lithuania
62%
Australia
58%
Liechtenstein
45%
Bosnia and Herzegovina
44%
No matching quizzes found
Score Distribution
Percent of People with Each Score
Percentile by Number Answered
Your Score History
You have not taken this quiz since the last reset